000 00411nam a2200157Ia 4500
008 210719s1965 xx 000 0 und d
041 _aeng
082 _a813.06 THUO
100 _aTHURBER (James)
245 _aOwl in the attic & other perplexities.
260 _aN Y
_bHarper & Row Publishers
_c1965
300 _ax,113
_bPB
365 _cRs
650 _aAmerican English Fiction
906 _aPerplexities
999 _c212988
_d212988